Loreto College Library, Kolkata
WEBOPAC (ONLINE PUBLIC ACCESS CATALOGUE)

The Renaissance (Record no. 20996)

MARC details
000 -LEADER
fixed length control field 00603nam a2200205Ia 4500
005 - DATE AND TIME OF LATEST TRANSACTION
control field 20230215101346.0
008 - FIXED-LENGTH DATA ELEMENTS--GENERAL INFORMATION
fixed length control field 131103s9999 xx 000 0 und d
020 ## - ISBN | অাই এস বি এন
ISBN | অাই এস বি এন 0-7475-1956-0
040 ## - CATALOGING SOURCE
Original cataloging agency Loreto College
041 ## - LANGUAGE CODE
Language code English
082 ## - DDC | ডিউই
Classification number | বর্গসংখ্যা 820.9
Book Number | গ্রন্থাঙ্ক WYN
245 #4 - TITLE STATEMENT | অাখ্যা বিবরণী
Title | অাখ্যা The Renaissance
Sub title | উপঅাখ্যা A guide to English Renaissance Literature : 1500-1660
Statement of responsibility | লেখকের দায়িত্বের বিবরণ Edited by Marion Wynne Davies
260 ## - IMPRINT | প্রকাশনা ক্ষেত্র
Place of publication | প্রকাশ স্থান London
Name of publisher | প্রকাশকের নাম Bloomsbury
Date of publication | প্রকাশ কাল 1992
300 ## - PHYSICAL DESCRIPTION |
Page / Vol. No | পৃষ্ঠা / খন্ড সংখ্যা x,127p
650 ## - SUBJECT ADDED ENTRY--TOPICAL TERM | বিষয় শিরোনাম - মূল বিষয়
Topical term | মূল বিষয় Renaissance
651 ## - SUBJECT ADDED ENTRY--GEOGRAPHIC NAME | বিষয় শিরোনাম - ভৌগলিক নাম
Geographic name | ভৌগলিক বিষয় English literature - History and criticism
700 ## - ADDED ENTRY--PERSONAL NAME | অতিরিক্ত সংলেখ - ব্
Personal name | ব্যাক্তিনাম Davis Wynne Marion ed.
850 ## - HOLDING INSTITUTION
Holding institution LCLIB
942 ## - ADDED ENTRY ELEMENTS (KOHA)
Koha item type Books
Holdings
Withdrawn status Lost status Source of classification Damaged status Not for loan Home library Current library Date acquired Total Checkouts Full call number Accession No. Date last seen Date checked out Price effective from Koha item type Coded location qualifier
    Dewey Decimal Classification     Loreto College Loreto College 04/11/2013 2 820.9 WYN 39174 B23035 02/12/2024 25/11/2024 04/11/2013 Books